| 000 | 00888nam a22002057a 4500 | ||
|---|---|---|---|
| 003 | NALT | ||
| 005 | 20211009201449.0 | ||
| 008 | th thaeng | ||
| 040 | _aNALT | ||
| 041 | _athaeng | ||
| 090 | _aว QL691.T5.H54 ม125ค | ||
| 100 | 0 | _aมณี อัชวรานนท์ | |
| 245 | 1 | 0 | _aความแปรปรวนเชิงภูมิศาสตร์ของนกขุนทองไทย : นกขุนทองชนิดย่อยใหม่หรือลูกผสม |
| 260 | 3 |
_aกรุงเทพฯ : _bมหาวิทยาลัยรามคำแหง, _cม.ป.ป. |
|
| 300 |
_a1 เล่ม : _b ภาพประกอบ, แผนที่ ; _c 30 ซม. |
||
| 650 | 0 | 4 | _aนกขุนทอง -- ไทย -- วิจัย |
| 850 | _aNALT | ||
| 942 |
_cRSH _2lcc |
||
| 998 |
_bBENJALUCK _j109 _k อารีรัตน์ วิชาช่าง |
||
| 999 |
_c31301 _d31301 |
||